LEADER 01557nam0 22004093i 450 001 CFI0319920 005 20231121125451.0 010 $a8842019526 020 $aIT$b821464 100 $a20021025d1982 ||||0itac50 ba 101 | $aita 102 $ait 181 1$6z01$ai $bxxxe 182 1$6z01$an 200 1 $aIntroduzione a Labriola$fdi Stefano Poggi 210 $aRoma$aBari$cLaterza$d1982 215 $a145 p.$d18 cm 225 | $a˜I œfilosofi$v33 300 $aBibliografia: pp. 125-142. 312 $aTit. in cop.: Labriola$9RAV0051183 410 0$1001CFI0000853$12001 $a˜I œfilosofi$v33 517 1 $aLabriola. -$9RAV0051183 606 $aLabriola, Antonio$2FIR$3RMLC017651$9I 676 $a335.4$9$v21 676 $a335.4092$9$v21 700 1$aPoggi$b, Stefano$f <1947- >$3CFIV074295$4070$053546 801 3$aIT$bIT-01$c20021025 850 $aIT-RM0289 $aIT-RM0418 $aIT-FR0084 $aIT-FR0017 899 $aBiblioteca Statale A. Baldini$bRM0289 899 $aBIBLIOTECA ACCADEMIA NAZ. DEI LINCEI E CORSINIANA$bRM0418 899 $aBiblioteca Del Monumento Nazionale Di Montecassino$bFR0084 899 $aBiblioteca umanistica Giorgio Aprea$bFR0017 912 $aCFI0319920 950 0$aBiblioteca umanistica Giorgio Aprea$d 52MAG 1 COLL A 33$e 52MAG0000158745 VMB RS $fA $h20181015$i20181015 977 $a 04$a 10$a 25$a 52 996 $aIntroduzione a Labriola$9622982 997 $aUNICAS LEADER 01262nam2 22002773i 450 001 CFI0161204 005 20231121125442.0 100 $a20181019d1988 ||||0itac50 ba 101 | $aita 102 $ait 181 1$6z01$ai $bxxxe 182 1$6z01$an 200 1 $aAspetti geografici del turismo in una valle appenninica (Alta Val di LimaMontana Pistoiese)$eil profilo del territorio e i motivi d'attrazione turistica, l'evoluzione del fenomeno turistico e il quadro attuale$fdi Laura Cassi 210 $aFirenze$c[s.n.]$d1988$eFirenze$gCentro duplicazione offset 215 $a233 p., [12] c. di tav.$cill.$d24 cm. 311 $aQuad. 13 (1988)$9CFI0161195 461 0$1001CFI0161195$12001 $aAtti dell'Istituto di geografia$fUniversità di Firenze 700 1$aCassi$b, Laura$3CFIV074385$4070$0150279 801 3$aIT$bIT-01$c20181019 850 $aIT-FR0017 899 $aBiblioteca umanistica Giorgio Aprea$bFR0017 $eN 912 $aCFI0161204 950 2$aBiblioteca umanistica Giorgio Aprea$d 52DOB 496$e 52FLS0000355875 VMB RS $fA $h20181019$i20181019 977 $a 52 996 $aAspetti geografici del turismo in una valle appenninica (Alta Val di LimaMontana Pistoiese)$91098034 997 $aUNICAS